000 01502nam a2200409Ia 4500
005 20220317001858.0
008 170410s2016 mx g 000 p spa
020 _a9789588249070
041 _aMUL
100 1 _aPessoa, Fernando
_d1888-1935
245 1 0 _aPessoa múltiple
_bantología bilingüe = antologia bilingue
_cedición, traducción y notas Jerónimo Pizarro, Nicolás Barbosa
250 _aPrimera edición
264 1 _aMéxico
_bFondo de Cultura Económica
_c2016
300 1 _a495 páginas
_c23 cm.
336 _atexto
_btxt
_2rdacontent
337 _asin mediación
_bn
_2rdamedia
338 _avolumen
_bnc
_2rdacarrier
500 _aIncluye índice de primeras líneas
504 _aIncluye bibliografía
546 _aTexto en español y portugués
600 1 4 _aPessoa, Fernando
_d1888-1935
_vColecciones de escritos
_978284
600 1 4 _aPessoa, Fernando
_d1888-1935
_xCrítica e interpretación
_956303
650 1 4 _2LEMB
_aPoesía portuguesa
_ySiglo xIX
650 1 4 _2LEMB
_aLiteratura portuguesa
_ySiglo XIX
650 1 4 _2LEMB
_aAdolescentes
_vPoesía
650 1 4 _2LEMB
_aHábitos de fumar
_vPoesía
650 1 4 _2LEMB
_aAmor
_vPoesía
650 1 4 _2LEMB
_aNaturaleza
_vPoesía
650 1 4 _2LEMB
_aVejez
_vPoesía
650 1 4 _2LEMB
_aViolines
_vPoesía
650 1 4 _2LEMB
_aMontañas
_vPoesía
650 1 4 _2LEMB
_aFantasmas
_vPoesía
700 1 _aPizarro, Jerónimo
_etraductor
_9105863
942 _2loc
_cBKLIT
040 _aCO-BoRNBP
_bspa
_erda
_cCO-BoRNBP
084 _aP PES4
999 _c8395
_d8395